S prstom na pulze veľkomesta

Bibliographic Details
Main Author: Pavlík, Ján (Author)
Format: Article
Language:Slovak
ISSN:0862-5999
Subjects:

MARC

LEADER 00000nab a2200000 a 4500
001 vtls010123309
003 SK-MaSNL
005 20260305004841.0
008 140422c2010 xo ||||||||||||00 b|slo
015 |a SNBRB2010/08  |2 snkbucl 
038 |a SNKBUCL 
040 |a SNKBUCL  |b slo  |c SNKBUCL  |e AACR2 
041 0 |a slo 
044 |a xo  |c SK 
080 |a 394  |x (437.3)  |2 2001 
080 |a 94(437.3)  |x "192/193"  |2 2001 
080 |a 791.6  |x (437.3)  |2 2001 
100 1 |a Pavlík, Ján  |4 aut  |9 8863 
245 1 0 |a S prstom na pulze veľkomesta  |c Ján Pavlík 
600 1 7 |a Heyduk, Miloš,  |d 1933-2012  |t Jak se bavila Praha  |2 snkbucl  |9 1582996 
600 1 7 |a Sýs, Karel,  |d 1946-2024  |t Jak se bavila Praha  |2 snkbucl  |9 1582997 
651 7 |a Praha (Česko)  |2 snkbucl  |9 19313 
655 7 |a úvahy  |2 snkbucl  |9 29403 
773 0 |t Literárny (dvoj)týždenník  |g Roč. XXIII, č. 21-22 (2010), s. 13  |x 0862-5999 
852 |a SNK  |b KIS3GCP 
958 |a CZ 
999 |c 3237822  |d 3239752